Brexit , the NHS and the double-edged sword of populism: Contributor to agnostic democracy or vehicle of ressentiment? (Record no. 514581)

000 -LEADER
fixed length control field 01700nam a22001577a 4500
008 - FIXED-LENGTH DATA ELEMENTS--GENERAL INFORMATION
fixed length control field 201120b ||||| |||| 00| 0 eng d
100 ## - MAIN ENTRY--PERSONAL NAME
Personal name Hensmans, Manuel and Bommel, Koen Van.
245 ## - TITLE STATEMENT
Title Brexit , the NHS and the double-edged sword of populism: Contributor to agnostic democracy or vehicle of ressentiment?
260 ## - PUBLICATION, DISTRIBUTION, ETC. (IMPRINT)
Place of publication, distribution, etc Organization
300 ## - PHYSICAL DESCRIPTION
Extent 27(3), May, 2020: p.370-384
520 ## - SUMMARY, ETC.
Summary, etc In this paper we argue that mature political democracies require an agonistic form of populism in order to function. Agonistic populism counters technocratic apathy and instrumental reductionism and provides democracies with discursive legitimacy for the expression of antagonisms. We draw on the exemplary case of Brexit to show how the long-term suppression of English populism by an all-conquering British imperial discourse, and the hegemony of technocratic solutions in Europe, transformed populism’s potentially virtuous agonistic effects into an often anachronistic, toxic and ill-directed ressentiment against the European Union. We call upon management scholars to focus on how popular ressentiment can be used as a force for good in two ways: (1) by contributing agonistically to an alternative, emotionally founded discourse about England, the European Union and a new popular civilizational project that could bind them; and (2) by inducing the creation of collective moral categories embraced across the elite/non-elite divide in the image of the post-World War II National Health Service.- Reproduced
650 ## - SUBJECT ADDED ENTRY--TOPICAL TERM
Topical term or geographic name as entry element Agonism, Antagonism, Brexit, Chantal mouffe, Ernesto laclau, NHS, Populism, Ressentiment
9 (RLIN) 19340
773 ## - HOST ITEM ENTRY
Main entry heading Organization
906 ## - LOCAL DATA ELEMENT F, LDF (RLIN)
Subject DIP BREXIT
942 ## - ADDED ENTRY ELEMENTS (KOHA)
Item type Articles
Holdings
Withdrawn status Lost status Source of classification or shelving scheme Damaged status Not for loan Permanent location Current location Date acquired Serial Enumeration / chronology Barcode Date last seen Koha item type
          Indian Institute of Public Administration Indian Institute of Public Administration 2020-11-20 27(3), May, 2020: p.370-384 AR123574 2020-11-20 Articles

Powered by Koha